000 01656cam a22002535a 4500
001 L146045
008 081204s2008 xxkbdo f 001 0 eng d
020 _a9780470053294
035 _a(Sirsi) u146045
041 0 _aeng
050 0 4 _a711.1 $2 18
100 1 _aSlone, Daniel K.
245 0 2 _aA legal guide to urban and sustainable development for planners, developers and architects
260 _aHoboken
_bJohn Wiley and Sons, Inc.
_c2008
300 _axv, 352p.
_bill.
_c24cm.
505 2 _aTo suburbia and back, how urbanist law is different -- Sustainable urbanism -- Tweaking the system, getting projects built and codes changed within the existing zoning framework -- Changing the rules, new approaches to zoning -- Fifedoms and fire trucks, overcoming impediments in the subdivision, pla-review, and site-plan processes -- Retooling the common-interest community -- Special building types -- Litigation -- Federal policy, initiatives and alliances -- Strategies for change -- An approach to greening
520 _aBook offers commentary and guidance on urbanism and sustainable development in the United States, using case studies and real world examples. Covers many legal examples, including (but not limited to) overcoming impediments to urban and sustainable design practice, getting codes changed within the existing zoning framework and avoiding unnecessary conflicts between urbanist codes and sustainability codes.
521 _aAdvanced
590 _aKA
651 4 _aUnited States
_y1959-
690 _aENVIRONMENTAL AND LAND CONSULTANCY-SUSTAINABILITY-SUSTAINABLE DEVELOPMENT
700 1 _aGoldstein, Doris S.
942 _n0
999 _c109026
_d109026